00819nam a2200169Ia 4500001001300000003001000013008004100023040002500064041000700089100002100096245006900117250001100186260003200197300001200229500036300241650004500604b5422-36375 IT-MiCISF161014s9999||||xx |||||||||||||| ||und|| aIT-MiCISFcIT-MiCISF ait aVaccarello Delia 0aGli svergognatibVite di gay, lesbiche, trans... storie di tutti a1a ed. a MilanobLa Tartarugac2002 app. 187 a / omosessualità, esperienze / "A lettura finita non si parlerà di storie di diversi. Ma di storie e basta". Spesso, la narrazione di come sono andate le cose ha una forza illustrativa maggiore di un saggio. L'A., giornalista, fa parlare le persone protagoniste di quest libro della propria storia, del loro vissuto, delle difficoltà e delle speranze.  a Identità e genere / sessualitàe003